000 00399nam a2200133Ia 4500
008 220216s9999 xx 000 0 und d
100 _aSusevee Panpichaya
245 0 _aHome-made chemical fertilizer to reduce production cost in rubber plantation
260 _bRubber International Magazine
_c2004
300 _a27-29
650 _aChemical fertilizer
650 _aRubber plantation
942 _cJS
999 _c60472
_d60472